| 000 | 00796nam a22002175i 4500 | ||
|---|---|---|---|
| 001 | 169220 | ||
| 003 | ES-MaACL | ||
| 005 | 20250905063054.0 | ||
| 008 | 080822s2007 sp |||| | spa d | ||
| 020 | _a978-84-611-9589-3 | ||
| 080 | _a75 Picasso, Pablo | ||
| 100 | 1 |
_aVillar, Arturo del, _d1940- _9115066 |
|
| 245 | 1 | 0 |
_aPicasso, un obrero pintor para la República / _cArturo del Villar. |
| 260 |
_a[Madrid] : _bColectivo Republicano Tercer Milenio, _c[2007] |
||
| 300 |
_a63 p. ; _c21 cm. |
||
| 490 | 1 | _aBiblioteca de divulgación republicana | |
| 600 | 1 | 4 |
_aPicasso, Pablo, _d1881-1973 _991794 |
| 830 | 0 |
_aBiblioteca de divulgación republicana _9185776 |
|
| 852 |
_aES-MaACL _jL-29627 _9R.142485 _z.- An. ms. : Ded. del autor al Ateneo de Madrid |
||
| 999 |
_c169220 _d169220 |
||